Martín Lutero: un destino
Saved in:
| Hovedforfatter: | |
|---|---|
| Format: | Bog |
| Sprog: | spansk |
| Udgivet: |
Ciudad de México
Fondo de Cultura Económica
1956
|
| Serier: | Colección Breviarios, 113
|
| Fag: | |
| Tags: |
Tilføj Tag
Ingen Tags, Vær først til at tagge denne postø!
|
MARC
| LEADER | 00000cam a2200000 a 4500 | ||
|---|---|---|---|
| 001 | UCP0503 | ||
| 003 | CL-VaPUC | ||
| 008 | 990313e19560000MX |||||||||||||||||spa|d | ||
| 020 | |a 9789681605490 | ||
| 082 | 0 | 4 | |a 284.1 |b FEB |2 21 |
| 100 | 0 | |a Febvre, Lucien Paul |e author |9 425820 | |
| 245 | 1 | 0 | |a Martín Lutero: un destino |
| 300 | |a 286 p | ||
| 942 | |c BK | ||
| 945 | |d 19990313 00:00:00 |a aarredon | ||
| 260 | |a Ciudad de México |b Fondo de Cultura Económica |c 1956 | ||
| 650 | 7 | |a DOCTRINAS RELIGIOSAS |2 CL-VaPUC |9 337177 | |
| 650 | 7 | |a LIBERTAD RELIGIOSA |2 CL-VaPUC |9 425821 | |
| 650 | 0 | |a Naturaleza humana |9 308593 | |
| 650 | 0 | |a Protestantismo |9 317293 | |
| 650 | 7 | |a REFORMA RELIGIOSA |2 CL-VaPUC |9 257490 | |
| 651 | 7 | |a LUTERO, MARTIN |2 CL-VaPUC |9 425822 | |
| 583 | |a last modification |c 20140410 08:17:51 |k Rodrigo Vera | ||
| 490 | 0 | |a Colección Breviarios, 113 | |
| 999 | |c 279277 |d 279275 | ||
| 952 | |0 0 |1 0 |2 ddc |4 0 |6 284_100000000000000_FEB_1956 |7 0 |8 P |9 318267 |a BIBTEO |b BIBTES |c TEO_FTES |d 2019-11-20 |i 2025450 |o 284.1 FEB 1956 |p 2025450 |r 2024-01-18 |w 2019-11-20 |y BK |k ICR | ||
| 952 | |0 0 |1 0 |4 0 |6 284_100000000000000_FEB_1956 |7 0 |8 A |9 318268 |a BIBHIS |b BIBHIS |d 2019-11-20 |i 1382497 |o 284.1 FEB 1956 |p 1382497 |r 2025-01-20 |w 2019-11-20 |y BK |k HIS | ||
| 952 | |0 0 |1 0 |4 0 |6 284_100000000000000_FEB_1956 |7 0 |8 A |9 318269 |a BIBHIS |b BIBHIS |d 2019-11-20 |i 1202340 |o 284.1 FEB 1956 |p 1202340 |r 2025-01-20 |w 2019-11-20 |y BK |k HIS | ||
| 952 | |0 0 |1 0 |4 0 |6 284_100000000000000_FEB_1956 |7 0 |8 P |9 318270 |a BIBEDU |b BIBEDU |d 2019-11-20 |i 4739981 |l 1 |m 1 |o 284.1 FEB 1956 |p 4739981 |r 2024-09-03 |s 2024-08-27 |w 2019-11-20 |y BK |k FIL | ||
| 952 | |0 0 |1 0 |2 ddc |4 0 |6 284_100000000000000_FEB_1956 |7 0 |8 P |9 318271 |a BIBTEO |b BIBTES |c TEO_FTES |d 2019-11-20 |i 209181K |o 284.1 FEB 1956 |p 209181K |r 2024-01-18 |w 2019-11-20 |y BK |k ICR | ||
| 952 | |0 0 |1 0 |4 0 |6 284_100000000000000_FEB_1956 |7 0 |8 A |9 318272 |a BIBHIS |b BIBHIS |d 2019-11-20 |i 4803906 |o 284.1 FEB 1956 |p 4803906 |r 2025-01-20 |w 2019-11-20 |y BK |k HIS | ||
| 952 | |0 0 |1 0 |3 erd |4 0 |6 284_100000000000000_FEB_1956 |7 0 |8 A |9 318273 |a BIBHIS |b BIBHIS |i 5158958 |o 284.1 FEB 1956 |p 5158958 |r 2025-01-20 |w 2019-11-20 |y BK |z Catalogado en:20150409 |k HIS | ||